00503nam a2200181Ii 450000100060000000300090000600800410001504000330005604100080008908200230009710000200012024500250014026400630016530000120022833600260024033700280026633800270029413180CO-ViMGA241108s9999||||xx |||||||||||||| ||und|| aCO-ViMGAbspaerdacCO-ViMGA0 aspa04aF.FC 823.89 - K46c1 aRudyard Kipling10aCapitanes intrepidos 1aBogotá, Colombia : Instituto Colombiano de Cultura, 1971 avolumen atextbtxt2rdacontent aunmediatedbn2rdamedia avolumebnc2rdacarrier